What more can a soldier desire? (Record no. 190779)
[ view plain ]
| 000 -LEADER | |
|---|---|
| fixed length control field | 00779 a2200181 4500 |
| 003 - CONTROL NUMBER IDENTIFIER | |
| control field | Nust |
| 005 - DATE AND TIME OF LATEST TRANSACTION | |
| control field | 20230208091154.0 |
| 010 ## - LIBRARY OF CONGRESS CONTROL NUMBER | |
| LC control number | 2012430203 |
| 040 ## - CATALOGING SOURCE | |
| Transcribing agency | Nust |
| 082 ## - DEWEY DECIMAL CLASSIFICATION NUMBER | |
| Classification number | 954.1,AZA |
| 100 1# - MAIN ENTRY--PERSONAL NAME | |
| Personal name | Qadri, Azam. |
| 9 (RLIN) | 9655 |
| 245 10 - TITLE STATEMENT | |
| Title | What more can a soldier desire? |
| Remainder of title | NH and SJ, Pakistan's highest decorated Officer / |
| Statement of responsibility, etc. | Azam Qadri. |
| 246 14 - VARYING FORM OF TITLE | |
| Remainder of title | Maj. Shabir Sharif, NH and SJ, a story about Pakistan's highest decorated Officer |
| 260 ## - PUBLICATION, DISTRIBUTION, ETC. | |
| Place of publication, distribution, etc. | Rawalpindi : |
| Name of publisher, distributor, etc. | Moving Fingers, |
| Date of publication, distribution, etc. | 2011. |
| 300 ## - PHYSICAL DESCRIPTION | |
| Extent | xviii, 224 p. : |
| Other physical details | ill. (some col.), maps ; |
| Dimensions | 24 cm. |
| 505 ## - FORMATTED CONTENTS NOTE | |
| Formatted contents note | Maj Shabir as I Knew Him (Page-1), Maj Shabir in Indo-Pak War of 1965 (Page-85), Maj Shabir Heroics During the Indo-Pak War of 1971 (Page-119), Early Life and Days in PMA (Page-177). |
| 942 ## - ADDED ENTRY ELEMENTS (KOHA) | |
| Source of classification or shelving scheme | |
| Koha item type | Book |
| Call number prefix | 954.1,AZA |
| Withdrawn status | Lost status | Source of classification or shelving scheme | Damaged status | Not for loan | Permanent Location | Current Location | Shelving location | Date acquired | Total Checkouts | Full call number | Barcode | Date last seen | Date last checked out | Price effective from | Koha item type | Public note |
|---|---|---|---|---|---|---|---|---|---|---|---|---|---|---|---|---|
| Military College of Signals (MCS) | Military College of Signals (MCS) | General Stacks | 12/12/2016 | 1 | 954.1,AZA | MCS36126 | 02/04/2025 | 01/08/2025 | 12/12/2016 | Book | Almirah No. 61, Shelf No.5 | |||||
| Military College of Signals (MCS) | Military College of Signals (MCS) | General Stacks | 12/12/2016 | 954.1,AZA | MCS36127 | 12/08/2016 | 12/12/2016 | Book | Almirah No.75, Shelf No.7 | |||||||
| Military College of Signals (MCS) | Military College of Signals (MCS) | General Stacks | 12/12/2016 | 954.1,AZA | MCS36128 | 12/08/2016 | 12/12/2016 | Book | Almirah No.75, Shelf No.7 | |||||||
| Military College of Signals (MCS) | Military College of Signals (MCS) | General Stacks | 12/12/2016 | 954.1,AZA | MCS36129 | 12/08/2016 | 12/12/2016 | Book | Almirah No.75, Shelf No.7 | |||||||
| Military College of Signals (MCS) | Military College of Signals (MCS) | General Stacks | 12/12/2016 | 954.1,AZA | MCS36130 | 12/08/2016 | 12/12/2016 | Book | Almirah No.75, Shelf No.7 | |||||||
| Military College of Signals (MCS) | Military College of Signals (MCS) | General Stacks | 02/08/2023 | 954.1,AZA | MCS38016 | 02/08/2023 | 02/08/2023 | Book | Almirah No. 61, Shelf No.5 |
